Historický obzor časopis pro výuku dějepisu a popularizaci historie

Bibliographic Details
Previous Title:Společenské vědy ve škole
Other Authors: Skřivan, Aleš, 1944- (Publishing director)
Format: Journal
Language:Czech
PhysicalDescription:29 zv. 30 cm
Published: Praha Státní pedagogické nakladatelství 1990-1994
Praha Aleš Skřivan
Praha Neptun Desk Top Publishing
Plzeň PhDr. Lukáš Novotný, PhD.
ISSN:1210-6097
0231-5289
Subjects:

MARC

LEADER 00000cas a2200000 a 4500
001 vtls008302809
003 SK-MaSNL
005 20260228155820.0
008 051013d19902018xr br p r 0 b0cze c
022 |a 1210-6097 
035 |a (SVKBB03)vtls000047579 
040 |a SVKPO  |b slo  |c SVKPO  |d SVKBB  |d SNK  |e AACR2 
041 1 |a cze 
044 |a xr  |c CZ 
072 7 |a 93/94  |x Dejiny (všeobecne)  |2 konspekt 
072 7 |a 37.016  |x Učebné osnovy. Vyučovacie predmety. Učebnice  |2 konspekt 
072 7 |a 37  |x Výchova a vzdelávanie  |2 konspekt 
080 |a 93/94  |2 2011 
080 |a 37.016  |2 2011 
080 |a 37.01  |2 2011 
080 |a 050  |2 2011 
080 |a (051)  |2 2011 
210 0 |a Hist. obz. 
222 0 |a Historický obzor 
245 0 0 |a Historický obzor  |b časopis pro výuku dějepisu a popularizaci historie 
260 |a Praha  |b Státní pedagogické nakladatelství  |c 1990-1994 
260 2 |3 1997-2015  |a Praha  |b Aleš Skřivan 
260 2 |3 1995-1996  |a Praha  |b Neptun Desk Top Publishing 
260 3 |3 2016-2018  |a Plzeň  |b PhDr. Lukáš Novotný, PhD. 
300 |a 29 zv.  |c 30 cm 
310 |a 6x ročne 
321 |a 1x mesačne 
362 0 |a Roč. 1, č. 1 (1990)-roč. 29, č. 12 (2018) 
500 |a Popis podľa roč. XVI č. 7-8/2005 
500 |a Vychádza formou dvojčísel 
550 |a 1995-1996 vydáva Aleš Skřivan vo vydavatel. Neptun Desk Top Publishing, Praha 
650 0 7 |a dejiny  |2 SNKPH  |9 3825 
650 0 7 |a vyučovacie predmety  |2 SNKPH  |9 4072 
650 0 7 |a pedagogika  |2 SNKPH  |9 955 
655 7 |a časopisy  |2 SNKPH  |9 76610 
700 1 |a Skřivan, Aleš,  |d 1944-  |4 pbd  |9 114527 
780 0 2 |t Společenské vědy ve škole  |x 0231-5289 
850 |a Štátna vedecká knižnica v Prešove 
852 |a Štátna vedecká knižnica v Banskej Bystrici 
910 |a snk 
999 |c 667  |d 667 
952 |0 0  |1 1  |4 0  |7 0  |a SNK  |b SNK  |d 1997-06-03  |l 0  |o snkČB 3935/4/1993  |p 17A0070990  |r 2005-01-02 00:00:00  |t č. 9  |w 2026-02-21  |y PREZ 
952 |0 0  |1 1  |4 0  |7 0  |a SNK  |b SNK  |d 1998-10-22  |l 0  |o snkČB 3935/1/1990-1991  |p 17A0166671  |r 2005-01-02 00:00:00  |t č. 1-10  |w 2026-02-21  |y PREZ